[Event "Nezhmetdinov Memorial 39th"]
[Site "Kazan"]
[Date "2017.06.07"]
[Round "8"]
[White "Chekletsov, Ilya"]
[Black "Suleimanov, Albert"]
[Result "1/2-1/2"]
[WhiteElo "2378"]
[BlackElo "2050"]
[PlyCount "113"]
[EventDate "2017.05.31"]
[EventType "swiss"]
[EventRounds "9"]
[EventCountry "RUS"]
[SourceTitle "EXT 2018"]
[Source "ChessBase"]
[SourceDate "2017.10.13"]
[SourceVersion "1"]
[SourceVersionDate "2017.10.13"]
[SourceQuality "1"]

1. d4 Nf6 2. c4 e6 3. Nf3 b6 4. g3 Ba6 5. b3 Bb4+ 6. Bd2 Be7 7. Bg2 Bb7 8. 0-0 0-0 9. Nc3 d5 10. Rc1 Nbd7 11. e3 Ne4 12. Qe2 Bf6 13. Rfd1 Qe7 14. Be1 Nxc3 15. Bxc3 Rac8 16. Ne1 Rfd8 17. b4 c5 18. cxd5 exd5 19. dxc5 bxc5 20. Bxf6 Nxf6 21. bxc5 Rxc5 22. Rxc5 Qxc5 23. Nd3 Qb5 24. Nf4 Qxe2 25. Nxe2 Kf8 26. Rb1 Ba6 27. Nd4 g6 28. h3 Rc8 29. g4 h6 30. Rb4 Rc4 31. Rb8+ Rc8 32. Rb1 Ke7 33. Kh2 Kd6 34. Kg3 Nd7 35. h4 Rb8 36. Rd1 Bc4 37. a3 Nc5 38. h5 Ne6 39. Nxe6 Kxe6 40. hxg6 fxg6 41. Rh1 Rb3 42. Rxh6 Kf6 43. Kh4 Rxa3 44. Rh7 a5 45. g5+ Ke6 46. Rg7 Bd3 47. e4 Bxe4 48. Bxe4 dxe4 49. Rxg6+ Kf7 50. Rf6+ Kg7 51. Kg4 Rf3 52. Re6 Rxf2 53. Rxe4 Rg2+ 54. Kf4 Rf2+ 55. Kg3 Rf7 56. Kg4 Ra7 57. Ra4 1/2-1/2